000 00779nam a2200229 a 4500
003 PILC
005 20150112093428.0
008 100713s19uu xx 00 eng d
020 _a9780071210447
050 _aQA 76.9.588
_b.W624 2002
082 _aCSF 005.12
_bW48 2001
100 _aWhitten, Jeffrey L.
_94770
245 _aSystems analysis and design methods /
_cJeffrey L. Whitten, Lonnie D. Bentley, Kevin C. Dittman.
250 _a5th ed.
260 _aNew York :
_bMcGraw-Hill Companies, Inc,
_c2002.
300 _a724 pages :
_billustration ;
_c26 cm.
500 _aIncludes index.
650 _aSystems design
_xSystem analysis
_xInformation management systems
_95679
700 _aBentley, Lonnie D.
_94772
700 _aDittman, Kevin C.
_94773
942 _2lcc
_cBK
999 _c14255
_d14255